| 000 | 00376pab a2200145 454500 | ||
|---|---|---|---|
| 008 | 180718b1995 xxu||||| |||| 00| 0 eng d | ||
| 100 | _aMukhopadhyay, Arun | ||
| 245 |
_aLiteracy drive _bnew thrust in primary education. |
||
| 260 | _c1995 | ||
| 300 | _ap.8 | ||
| 362 | _a31 Aug | ||
| 650 | _aEducation, primary - India - West Bengal | ||
| 773 | _aStatesman | ||
| 909 | _a29883 | ||
| 999 |
_c29883 _d29883 |
||